000 01658nam a22004337a 4500
001 000098564
003 CHAP
005 20220329143327.0
008 080815s2008 mx a r 00010 spa d
010 _a95030
011 _a96002
035 _a106641
040 _cCHAP
090 _aTesis
100 1 _aDamián González, Leonardo.
_931000
245 1 0 _aRevisión y propuesta de diseño del sistema de agua potable de Cuamontax Huazalingo, Hidalgo /
_c/por Leonardo Damián González y Carlos Vázquez Domínguez.
260 _aChapingo, Méx. :
_bEl autor,
_c2008.
300 _axi, 139 h. :
_bilus., gráfs., cuadros.
502 _aTesis (Ing. en Irrigación) -- UACH. Departamento de Irrigación
530 _aTambién disponible en línea
590 _aALEPH
_b10
_c20130110
_lUCH01
_h1523
590 _aBATCH-UPD
_b10
_c20130110
_lUCH01
_h0628
590 _aBATCH-UPD
_b10
_c20130410
_lUCH01
_h0311
590 _aBATCH-UPD
_b10
_c20130913
_lUCH01
_h2238
590 _aCONVERSION
_b10
_c20130109
_lUCH01
_h1353
590 _aE11695DGD
_b10
_c20190828
_lUCH01
_h1531
650 1 4 _aAgua potable
_xAbastecimiento
_zHidalgo.
_92445
650 1 4 _aAgua
_xAprovechamiento
_zHidalgo.
_92310
650 1 4 _aAgua
_xCalidad.
_92316
650 1 4 _aManantiales
_xHidalgo.
_970275
650 1 4 _aRed de agua potable.
_995342
700 1 _aVázquez Domínguez, Carlos.
_9120345
856 _3Finding aid
_uhttp://10.13.5.2/tesis/106641.pdf
_zTeclea aquí
901 _aBK
942 _cFOLL
942 _n0
949 _aTesis
_bBC
_cTES
_d33724002066743
_eTS1
_gDonaciØn
_h47904
_i106641
_sb
949 _aTesis
_bBC
_cTES
_d33724002067611
_eTS2
_fc.2
_gDonaciØn
_h47905
_i106641
_si
999 _c95030
_d95030